| 000 | 00708nam a22002177a 4500 | ||
|---|---|---|---|
| 999 |
_c20099 _d20099 |
||
| 003 | AR-CdUCM | ||
| 008 | 190527b ||||| |||| 00| 0 spa d | ||
| 040 |
_aMUNICIPALIDAD PROVINCIAL DEL CUSCO _cBIBLIOTECA MUNICIPAL DEL CUSCO |
||
| 082 |
_a270.1 _bS56 _22ed. |
||
| 100 |
_aSimon, Marcel _942058 |
||
| 245 | _aLos primeros cristianos / | ||
| 260 |
_aBuenos Aires: _bEUDEBA, _c1963. |
||
| 300 |
_a59 páginas _c25 cm. |
||
| 505 | _aContenido: El marco histórico -- La comunidad de Jerusalen -- Esteban y los griegos... | ||
| 650 |
_aIglesia _91428 |
||
| 650 |
_aCristianismo _96458 |
||
| 650 |
_aJesús _925346 |
||
| 700 |
_aLamana, Manuel (traductor) _9916 |
||
| 942 |
_2ddc _cLIBROS |
||
| 945 | _aJavier | ||